[Event "New Delhi Parsvnath op 7th"]
[Site "New Delhi"]
[Date "2009.01.11"]
[Round "1"]
[White "Kannan, SA."]
[Black "Suvrajit, Saha"]
[Result "0-1"]
[WhiteElo "1784"]
[BlackElo "2368"]
[PlyCount "54"]
[EventDate "2009.01.11"]
[EventType "swiss"]
[EventRounds "10"]
[EventCountry "IND"]
[SourceTitle "CBM 128 Extra"]
[Source "ChessBase"]
[SourceDate "2009.03.05"]
[SourceVersion "2"]
[SourceVersionDate "2009.03.25"]
[SourceQuality "1"]

1. e4 c5 2. Nf3 d6 3. d4 cxd4 4. Nxd4 Nf6 5. Nc3 a6 6. Be3 e5 7. Nb3 Be6 8. Qd2 Be7 9. 0-0-0 Ng4 10. Kb1 Nd7 11. Nd5 Bxd5 12. exd5 0-0 13. h3 Nxe3 14. Qxe3 Bg5 15. Qe1 f5 16. g3 h5 17. f3 h4 18. gxh4 Bxh4 19. Qb4 Nb6 20. Qd2 Bg5 21. Qg2 Qf6 22. Rg1 Be3 23. Rh1 Rfc8 24. h4 a5 25. Qe2 Nc4 26. Rd3 e4 27. Rxe3 Qxb2# 0-1